00845nam a2200217Ia 4500001001800000003000900018008004100027040002300068041001300091100001800104245010800122250001500230260002100245300002300266490001100289500002200300501012400322520014300446700001900589700001900608909-PEU ci (7548)IT-MiSPE171229s9999||||xx |||||||||||||| ||und|| aIT-MiSPEcIT-MiSPE aFRANCESE aEdouard Will  0aPeuples et civilisationsbII/2. Le monde grec et l'Orient: Le IV siècle et l'époque hellénistique a1a ed. (v) aParisbPUFc1975 a678 p. [v.]c22 cm v 2°/2 aStoria universale aEdizioni San Paolo srl - Piazza Soncino, 5 - 20092 CINISELLO BALSAMO (MI) (non commercial uses only) ® Copyright 2018 aPeuples et civilisations: Histoire générale fondée par Louis Halphen et Philippe Sagnac et dirigée par Maurice Crouzet. Cart. geo. aClaude Mossé aPaul Goukowsky